Football Teams Riyad Mahrez Played For - Statistics

General Stats
  • This quiz has been taken 54 times
  • The average score is 4 of 5
Answer Stats
League Years Team % Correct
England 2018-2023 Manchester City
100%
England 2014-2018 Leicester City
98%
Saudi Arabia 2023- Al-Ahli SFC
79%
France 2011-2014 AC Le Havre
46%
France 2010-2011 AC Le Havre B
46%
No matching quizzes found
Score Distribution
Percent of People with Each Score
Percentile by Number Answered
Your Score History
You have not taken this quiz